UML in an Instant (Record no. 33217)
[ view plain ]
| 000 -LEADER | |
|---|---|
| fixed length control field | 00390nam a22001697a 4500 |
| 005 - DATE AND TIME OF LATEST TRANSACTION | |
| control field | 20230809092244.0 |
| 008 - FIXED-LENGTH DATA ELEMENTS--GENERAL INFORMATION | |
| fixed length control field | 230809b |||||||| |||| 00| 0 eng d |
| 020 ## - INTERNATIONAL STANDARD BOOK NUMBER | |
| ISBN | 8126502940 |
| 082 ## - DEWEY DECIMAL CLASSIFICATION NUMBER | |
| Classification number | 006.768 |
| Item number | THO-U |
| 100 ## - MAIN ENTRY--AUTHOR | |
| Author Name | Thomas,Pender |
| 245 ## - TITLE STATEMENT | |
| Title | UML in an Instant |
| 260 ## - PUBLICATION, DISTRIBUTION, ETC. | |
| Place of Publication | India |
| Name of publisher, distributor, etc. | Wiley |
| Date of publication, distribution, etc. | 2002 |
| 300 ## - PHYSICAL DESCRIPTION | |
| Pages | 357 pages |
| 500 ## - GENERAL NOTE | |
| General note | Include Index |
| 650 ## - SUBJECT ADDED ENTRY--TOPICAL TERM | |
| Subject / Department | Misc |
| 952 ## - LOCATION AND ITEM INFORMATION (KOHA) | |
| -- | 0 |
| -- | 0 |
| Lost status | Damaged status | Permanent Location | Current Location | Shelving Location | Date acquired | Full Call Number | Accession No./Barcode | Date last seen | item type |
|---|---|---|---|---|---|---|---|---|---|
| Superior Information Resource Center (SIRC) Superior University- Gold Campus | Superior Information Resource Center (SIRC) Superior University- Gold Campus | MISC | 08/09/2023 | 006.768 THO-U 2002 | 19589 | 08/09/2023 | BOOK |
